1910 1651 1047 1766 1781 1669 1335 1249 1912 1444 1126 1842 1699 1169 1710 1148 1199 1453 1994 1142 1813 1953 1877 1645 1264 1904 1647 1310 1655 1190 1154 1986 1137 1599 1658 1907 1553 1617 1061 1217 1350 1716 1867 1342 1506 1886 1872 1013 1309 1140 1353 1437 1907 1335 1315 1293 1674 1661 1035 1060 1535 1200 1818 1415 1826 1094 1603 1085 1585 1477 1974 1565 1780 1186 1228 1356 1193 1170 1771 1138 1142 1776 1764 1254 1282 1248 1503 1903 1038 1098 1336 1031 1011 1542 1788 1378 1913 1675 1014 BCNSPRNW ULIB Ver.6.0+V

เปลี่ยนเป็นภาษาไทย

Change to English
 แสดงรายละเอียดบรรณานุกรม
  กลับหน้าหลัก

Brief Record : Get Marc (ISO 2709) : E-mail record : QR code < ปิดหน้าต่าง
LEADER : 00000nam 2200000uu 4500
001    13399126720
003     ULIB
008    190221s2561||||th 000 0 tha d
020    ^a9789740337836
060    ^aWA100^bก781ส
100    ^aเกษแก้ว เสียงเพราะ
245    ^aสุขศึกษาและพฤติกรรมสุขภาพ/^cเกษแก้ว เสียงเพราะ
260    ^aกรุงเทพฯ :^bสำนักพิมพ์แห่งจุฬาลงกรณ์มหาวิทยาลัย,^c2561
300    ^a281 หน้า;^b26 ซม.
650    ^aสุขศึกษา
945    ^p250^l0^i27840
945    ^p250^l0^i27109
945    ^p250^l0^i27108
945    ^p250^l0^i27107
945    ^p250^l0^i27106
945    ^p250^l0^i27837
945    ^p250^l0^i27839
945    ^p250^l0^i27838
945    ^p250^l0^i27836
999    ^aกัณชพร จุลอักษร
รายการนี้ยังไม่มีแท็ก
คุณยังไม่ได้ล็อกอิน คุณสามารถมีกิจกรรมร่วมกับเว็บไซต์ได้ แต่ต้องล็อกอินก่อน ::
  ล็อกอิน

รายการสื่อสารสนเทศ

ลำดับที่ ประเภท เลขเรียก/บาร์โค้ด สถานที่ สถานะ
1. หนังสือสำรอง
หนังสือสำรอง
WA100 ก781ส ฉ.1 
  Barcode: 27106
ห้องสมุดวิทยาเขตนครสวรรค์
►หนังสือทั่วไป:l:General Books
บนชั้น
2. วิทยาศาสตร์การแพทย์ และสุขภาพ
วิทยาศาสตร์การแพทย์ และสุขภาพ
WA100 ก781ส ฉ.2 
  Barcode: 27107
ห้องสมุดวิทยาเขตนครสวรรค์
►หนังสือทั่วไป:l:General Books
บนชั้น
3. วิทยาศาสตร์การแพทย์ และสุขภาพ
วิทยาศาสตร์การแพทย์ และสุขภาพ
WA100 ก781ส ฉ.3 
  Barcode: 27108
ห้องสมุดวิทยาเขตนครสวรรค์
►หนังสือทั่วไป:l:General Books
บนชั้น
4. วิทยาศาสตร์การแพทย์ และสุขภาพ
วิทยาศาสตร์การแพทย์ และสุขภาพ
WA100 ก781ส ฉ.4 
  Barcode: 27109
ห้องสมุดวิทยาเขตนครสวรรค์
►หนังสือทั่วไป:l:General Books
บนชั้น
5. วิทยาศาสตร์การแพทย์ และสุขภาพ
วิทยาศาสตร์การแพทย์ และสุขภาพ
WA100 ก781ส ฉ.5 
  Barcode: 27836
ห้องสมุดวิทยาเขตนครสวรรค์
►หนังสือทั่วไป:l:General Books
บนชั้น
6. วิทยาศาสตร์การแพทย์ และสุขภาพ
วิทยาศาสตร์การแพทย์ และสุขภาพ
WA100 ก781ส ฉ.6 
  Barcode: 27837
ห้องสมุดวิทยาเขตนครสวรรค์
►หนังสือทั่วไป:l:General Books
บนชั้น
7. วิทยาศาสตร์การแพทย์ และสุขภาพ
วิทยาศาสตร์การแพทย์ และสุขภาพ
WA100 ก781ส ฉ.7 
  Barcode: 27838
ห้องสมุดวิทยาเขตนครสวรรค์
►หนังสือทั่วไป:l:General Books
บนชั้น
8. วิทยาศาสตร์การแพทย์ และสุขภาพ
วิทยาศาสตร์การแพทย์ และสุขภาพ
WA100 ก781ส ฉ.8 
  Barcode: 27839
ห้องสมุดวิทยาเขตนครสวรรค์
►หนังสือทั่วไป:l:General Books
บนชั้น
9. วิทยาศาสตร์การแพทย์ และสุขภาพ
วิทยาศาสตร์การแพทย์ และสุขภาพ
WA100 ก781ส ฉ.9 
  Barcode: 27840
ห้องสมุดวิทยาเขตนครสวรรค์
►หนังสือทั่วไป:l:General Books
บนชั้น

รายการใกล้เคียง
    ผู้แต่ง [เกษแก้ว เสียงเพราะ]

    หัวเรื่อง [สุขศึกษา]

BibComment


ยังไม่เคยถูกคอมเมนท์

คอมเมนท์ทรัพยากรรายการนี้
  คอมเมนท์: สุขศึกษาและพฤติก..


 Copyright 2026. Bcnsprnw @Library